logo

Bir Sreshtho Munshi Abdur Rouf Library
Jhenaidah Cadet College

Electric power transmission and distribution / (Record no. 5435)

MARC details
000 -LEADER
fixed length control field 00715cam a2200253 4500
001 - CONTROL NUMBER
JCCL Control Number 5435
003 - CONTROL NUMBER IDENTIFIER
JCCL marc code BD-JhCC
005 - DATE AND TIME OF LATEST TRANSACTION
control field 20180303123743.0
008 - FIXED-LENGTH DATA ELEMENTS--GENERAL INFORMATION
fixed length control field 710720s1968 enka 001 0 eng
020 ## - INTERNATIONAL STANDARD BOOK NUMBER
International Standard Book Number 0245591133
035 ## - SYSTEM CONTROL NUMBER
system control number (BD-JhCC)5435
040 ## - CATALOGING SOURCE
Original cataloging agency DLC
Transcribing agency DLC
Modifying agency OCL
-- UKM
-- CUD
041 ## - LANGUAGE CODE
Language code of Book eng
050 0# - LIBRARY OF CONGRESS CALL NUMBER
Classification number TK3001
Item number .F72 1968
082 ## - DEWEY DECIMAL CLASSIFICATION NUMBER
Classification number 621.319
Author mark and Year FRE 1968
100 1# - MAIN ENTRY--PERSONAL NAME
Personal name Freeman, Peter John.
245 10 - TITLE STATEMENT
Title Electric power transmission and distribution /
Statement of responsibility, etc by P. J. Freeman.
260 ## - PUBLICATION, DISTRIBUTION, ETC. (IMPRINT)
Place of publication, distribution, etc London,
-- Toronto [etc.]
Name of publisher, distributor, etc Harrap,
Date of publication, distribution, etc 1968.
300 ## - PHYSICAL DESCRIPTION
Pagination 304 p.
Other physical details illus.
Dimensions 23 cm.
490 1# - SERIES STATEMENT
Series statement Engineering science monographs,
Volume number/sequential designation 10
650 #0 - SUBJECT ADDED ENTRY--TOPICAL TERM
Topical term or geographic name as entry element Electric power distribution.
942 ## - ADDED ENTRY ELEMENTS (KOHA)
Source of classification or shelving scheme Dewey Decimal Classification
Koha item type Books
Holdings
Source of classification or shelving scheme Damaged status Not for loan Home library Current library Shelving location Date of accession Total Checkouts Full call number Barcode Date last seen Copy number Koha item type
Dewey Decimal Classification     JCC Rouf Library JCC Rouf Library General Stacks 12/14/2017   621.319 FRE 1968 7572 12/14/2017 C-1 Books

JCC Library | Contacts | JCC Home

Last Update on 23 September 2017
Copyright @ 2017-2020 JCC Rouf Library
Rouf Library, Jhenidah Cadet College (JCC), Bangladesh